00731cam a22002413a 450000100060000000300060000600500170001200800410002904000150007004200070008505000070009210000260009924500690012526000290019450600300022351600200025365300220027365300490029565300310034470000430037583000290041885600420044732323PGUSA20140828083711.0101008s2010||||xxu|||||s|||||000 1 eng d aPGUSAbeng adc 4aPZ1 aPollock, Frank Lillie10aNorthern Diamondsh[electronic resource] /cFrank Lillie Pollock bProject Gutenberg,c2010 aPublic domain in the USA. aElectronic text aAdventure stories aDiamond mines and mining -- Juvenile fiction aCanada -- Juvenile fiction1 aEdwards, H. C.q(Harry C.),d1868-1922 0aProject Gutenbergv3232340uhttp://www.gutenberg.org/ebooks/32323